000 00215nam a22000857a 4500
008 160811b xxu||||| |||| 00| 0 eng d
100 _9116
_aEgmont
245 _aTintin in Tibet
260 _aUSA
_bMacMillan publication
_c2009
999 _c2770
_d2770